Famous Asian & African actors - Statistics

General Stats
  • This quiz has been taken 28 times
  • The average score is 9 of 20
Answer Stats
Movie in which... Actor % Correct
Charlie's Angels, Kill Bill: Volume 1 Lucy Liu
92%
The Way of the Dragon, Fist of Fury Bruce Lee
88%
The One, Romeo Must Die Jet Li
76%
Wild Wild West, Men in Black Will Smith
72%
Lethal Weapon, Missing in America Danny Glover
68%
Drunken Master, Shanghai Noon Jackie Chan
64%
Pulp Fiction, Black Snake Moan Samuel L. Jackson
64%
Last King of Scotland, The Butler Forest Whitaker
60%
In the Heat of the Night, Uptown Saturday Night Sidney Poitier
60%
Gothika, Die Another Day Halle Berry
56%
Harold and Kumar Go to White Castle, Star Trek John Cho
40%
Harold and Kumar Go to White Castle, The Ashram Kal Penn
36%
Chicago, Taxi Queen Latifah
32%
12 Years a Slave, Dirty Pretty Things Chiwetel Ejiofor
28%
Blood Diamond, Guardians of the Galaxy Djimon Hounsou
24%
The Replacement Killers, The Corruptor Yun-Fat Chow
24%
Thor: Ragnarök, Pacific Rim Idris Elba
20%
Memoirs of a Geisha; Crouching Tiger, Hidden Dragon Zhang Ziyi
16%
Old Boy, I Saw the Devil Min-sik Choi
12%
Battle Royale, Zatoichi (the Blind Swordsman) Takeshi Kitano
4%
No matching quizzes found
Score Distribution
Percent of People with Each Score
Percentile by Number Answered
Your Score History
You have not taken this quiz